00261nam a2200085Ia 4500008004100000022001400041245005600055260002100111856004300132240731s9999 xx 000 0 und d a2834-7056 0aJournal of Mitochondria, Plastids and Endosymbiosis bTaylor & Francis uhttps://www.tandfonline.com/loi/tmpe20